Normal view
MARC view
- Metronidazole
Entry Topical Term
001 - CONTROL NUMBER
- control field: 37630
003 - CONTROL NUMBER IDENTIFIER
- control field: OSt
005 - DATE AND TIME OF LATEST TRANSACTION
- control field: 20150414133523.0
008 - FIXED-LENGTH DATA ELEMENTS
- fixed length control field: 150414|| aca||babn | a|a d
040 ## - CATALOGING SOURCE
- Original cataloging agency: OSt
150 ## - HEADING--TOPICAL TERM
- Topical term or geographic name as entry element: Metronidazole
450 ## - SEE FROM TRACING--TOPICAL TERM
- Topical term or geographic name entry element: Methylnitroethanol imidazole
450 ## - SEE FROM TRACING--TOPICAL TERM
- Topical term or geographic name entry element: Trichopal
550 ## - SEE ALSO FROM TRACING--TOPICAL TERM
- Topical term or geographic name entry element: Antiparasitic agents
- Control subfield: g
550 ## - SEE ALSO FROM TRACING--TOPICAL TERM
- Topical term or geographic name entry element: Nitroimidazoles
- Control subfield: g